[Event "Tradewise Gibraltar Chess Festival 2013"]
[Site "Gibraltar ENG"]
[Date "2013.01.27"]
[Round "6.93"]
[White "Pena Riasco, Alexander"]
[Black "Diaz Montenegro, Ignacio"]
[Result "1-0"]
[WhiteElo "2156"]
[BlackElo "1987"]
[PlyCount "83"]
[EventDate "2013.01.22"]
[EventType "swiss"]
[EventRounds "10"]
[EventCountry "ENG"]
[Source "lmi"]
[SourceDate "2013.01.22"]

1. e4 c6 2. d4 d5 3. Nc3 dxe4 4. Nxe4 Bf5 5. Ng3 Bg6 6. h4 h6 7. h5 Bh7 8. Nf3
Nd7 9. Bd3 Bxd3 10. Qxd3 e6 11. Bd2 Ngf6 12. O-O-O Qc7 13. Kb1 Bd6 14. Ne4 Nxe4
15. Qxe4 Nf6 16. Qe2 O-O-O 17. c4 c5 18. Bc3 cxd4 19. Nxd4 a6 20. Nb3 Be7 21.
g4 Rxd1+ 22. Rxd1 Rd8 23. Rxd8+ Kxd8 24. Ba5 b6 25. Bc3 Ke8 26. f3 Kf8 27. Bd4
Nd7 28. Qe4 Kg8 29. Qa8+ Qd8 30. Qxd8+ Bxd8 31. c5 bxc5 32. Nxc5 Nxc5 33. Bxc5
f5 34. Kc2 Kf7 35. b4 fxg4 36. fxg4 Kf6 37. Be3 Ke5 38. Kd3 Kd5 39. a4 Be7 40.
b5 axb5 41. axb5 Bc5 42. Bxc5 1-0

[Event "Tradewise Gibraltar Chess Festival 2013"]
[Site "Gibraltar ENG"]
[Date "2013.01.27"]
[Round "6.94"]
[White "Jameson, David"]
[Black "Georgieva, Emilia"]
[Result "1-0"]
[WhiteElo "2143"]
[BlackElo "1949"]
[PlyCount "53"]
[EventDate "2013.01.22"]
[EventType "swiss"]
[EventRounds "10"]
[EventCountry "ENG"]
[Source "lmi"]
[SourceDate "2013.01.22"]

1. c3 d5 2. Nf3 c6 3. d4 a6 4. Bf4 Bf5 5. e3 Nd7 6. Bd3 Bxd3 7. Qxd3 Ngf6 8.
Nbd2 e6 9. h3 Be7 10. O-O O-O 11. b4 Nh5 12. Bh2 f5 13. g4 fxg4 14. hxg4 Nhf6
15. Ng5 Qc8 16. Nxe6 Nxg4 17. Nxf8 Nxf8 18. Bg3 Qe6 19. e4 Qg6 20. Qf3 Bg5 21.
Qxg4 Bxd2 22. Qxg6 hxg6 23. Rfd1 Bxc3 24. Rab1 a5 25. bxa5 dxe4 26. Rxb7 Rxa5
27. Rb3 1-0

[Event "Tradewise Gibraltar Chess Festival 2013"]
[Site "Gibraltar ENG"]
[Date "2013.01.27"]
[Round "6.95"]
[White "Cebada Benitez, Fernando"]
[Black "Gieritz, Dietmar"]
[Result "0-1"]
[WhiteElo "1958"]
[BlackElo "2112"]
[PlyCount "48"]
[EventDate "2013.01.22"]
[EventType "swiss"]
[EventRounds "10"]
[EventCountry "ENG"]
[Source "lmi"]
[SourceDate "2013.01.22"]

1. e4 e6 2. d4 d5 3. Nd2 Nf6 4. e5 Nfd7 5. Bd3 c5 6. c3 Qb6 7. Ne2 Be7 8. O-O
O-O 9. Nf3 Re8 10. b3 Nf8 11. Re1 Bd7 12. Bg5 a5 13. Bxe7 Rxe7 14. Ng3 a4 15.
Qc2 cxd4 16. Nxd4 Nc6 17. Nxc6 Bxc6 18. Rab1 Rc7 19. Qd2 Qc5 20. Nh5 Qe7 21.
Re3 Qg5 22. Nf6+ Kh8 23. Nxh7 Nxh7 24. Bxh7 d4 0-1

[Event "Tradewise Gibraltar Chess Festival 2013"]
[Site "Gibraltar ENG"]
[Date "2013.01.27"]
[Round "6.96"]
[White "Mckenna, Jason P"]
[Black "Wilson, Matthew R"]
[Result "1-0"]
[WhiteElo "2110"]
[BlackElo "1827"]
[PlyCount "47"]
[EventDate "2013.01.22"]
[EventType "swiss"]
[EventRounds "10"]
[EventCountry "ENG"]
[Source "lmi"]
[SourceDate "2013.01.22"]

1. e4 c5 2. Nf3 e6 3. d4 cxd4 4. Nxd4 a6 5. Bd3 Nc6 6. Nxc6 bxc6 7. c4 d5 8.
cxd5 cxd5 9. exd5 Qxd5 10. Nc3 Bb4 11. Qa4+ Bd7 12. Qxb4 Qxd3 13. Bg5 Qf5 14.
Ne4 Qe5 15. f4 Rb8 16. fxe5 Rxb4 17. Nd6+ Kf8 18. O-O-O Bc6 19. Rhf1 f5 20.
exf6 Nxf6 21. Bxf6 gxf6 22. Rxf6+ Ke7 23. Rf7+ Kd8 24. Nf5+ 1-0

[Event "Tradewise Gibraltar Chess Festival 2013"]
[Site "Gibraltar ENG"]
[Date "2013.01.27"]
[Round "6.97"]
[White "Boesch, Heinz"]
[Black "Thornton, John D"]
[Result "0-1"]
[WhiteElo "1904"]
[BlackElo "2053"]
[PlyCount "64"]
[EventDate "2013.01.22"]
[EventType "swiss"]
[EventRounds "10"]
[EventCountry "ENG"]
[Source "lmi"]
[SourceDate "2013.01.22"]

1. c4 e6 2. g3 f5 3. e3 Nf6 4. Bg2 c6 5. Nc3 d5 6. d4 Bd6 7. Nf3 Nbd7 8. cxd5
exd5 9. O-O O-O 10. a3 Ne4 11. Qc2 Qe8 12. b4 Ndf6 13. Bb2 Bd7 14. Nxe4 fxe4
15. Ne5 Bf5 16. Qb3 Ng4 17. Nxg4 Bxg4 18. b5 Be2 19. bxc6 bxc6 20. Rfe1 Rb8 21.
Qc3 Bc4 22. Bf1 Qh5 23. Qd2 Bxf1 24. Rxf1 Rf6 25. f4 exf3 26. Bc3 Rg6 27. Qf2
Rf8 28. Bb4 Bxg3 29. Qxg3 Rxg3+ 30. hxg3 Qh3 31. Kf2 Qh2+ 32. Ke1 Qe2# 0-1

[Event "Tradewise Gibraltar Chess Festival 2013"]
[Site "Gibraltar ENG"]
[Date "2013.01.27"]
[Round "6.98"]
[White "Skutta, Bernd"]
[Black "Openshaw, David K"]
[Result "1-0"]
[WhiteElo "2048"]
[BlackElo "1923"]
[PlyCount "67"]
[EventDate "2013.01.22"]
[EventType "swiss"]
[EventRounds "10"]
[EventCountry "ENG"]
[Source "lmi"]
[SourceDate "2013.01.22"]

1. d4 d5 2. Nf3 Nf6 3. c4 c6 4. e3 Bf5 5. Nc3 e6 6. Nh4 Bg6 7. Qb3 Qc7 8. Nxg6
hxg6 9. h3 Nbd7 10. Bd2 Rc8 11. Rc1 Qb8 12. Be2 Be7 13. O-O g5 14. f4 Nh5 15.
Bxh5 Rxh5 16. e4 dxe4 17. Nxe4 gxf4 18. Bxf4 e5 19. dxe5 Nxe5 20. c5 Rf5 21.
Bxe5 Qxe5 22. Nd6+ Bxd6 23. Rfe1 Bxc5+ 24. Kh1 Qxe1+ 25. Rxe1+ Kf8 26. Qxb7 Rd8
27. Qxc6 Bb6 28. b4 Rf6 29. Qb7 g5 30. Qe7+ Kg7 31. a4 Rh8 32. Qe5 g4 33. a5
gxh3 34. g4 1-0

[Event "Tradewise Gibraltar Chess Festival 2013"]
[Site "Gibraltar ENG"]
[Date "2013.01.27"]
[Round "6.99"]
[White "Bryn, Askild"]
[Black "Viana, Eduardo Escudeiro"]
[Result "1-0"]
[WhiteElo "2019"]
[BlackElo "1600"]
[PlyCount "57"]
[EventDate "2013.01.22"]
[EventType "swiss"]
[EventRounds "10"]
[EventCountry "ENG"]
[Source "lmi"]
[SourceDate "2013.01.22"]

1. e4 c5 2. Nc3 d6 3. f4 e6 4. Bc4 Nf6 5. Bb3 Be7 6. Nf3 Nc6 7. d3 a6 8. a4 Bd7
9. O-O O-O 10. Qe1 Qc7 11. Qg3 Nh5 12. Qh3 g6 13. g4 Nf6 14. f5 Ne5 15. Nxe5
dxe5 16. g5 Nh5 17. f6 Bd6 18. Ne2 c4 19. Bxc4 b5 20. axb5 axb5 21. Rxa8 Rxa8
22. Bb3 Ra1 23. Be3 Rxf1+ 24. Qxf1 Nf4 25. Bxf4 exf4 26. Qh3 e5 27. Bxf7+ Kxf7
28. Qxh7+ Ke6 29. Qg8# 1-0

[Event "Tradewise Gibraltar Chess Festival 2013"]
[Site "Gibraltar ENG"]
[Date "2013.01.27"]
[Round "6.100"]
[White "Lochte, Szilvia"]
[Black "Hutton, Jack"]
[Result "1-0"]
[WhiteElo "1923"]
[BlackElo "2017"]
[PlyCount "111"]
[EventDate "2013.01.22"]
[EventType "swiss"]
[EventRounds "10"]
[EventCountry "ENG"]
[Source "lmi"]
[SourceDate "2013.01.22"]

1. d4 Nf6 2. Bf4 d5 3. e3 c5 4. c3 Nc6 5. Nd2 Qb6 6. Qb3 c4 7. Qc2 g6 8. e4
Nxe4 9. Nxe4 dxe4 10. Bxc4 Na5 11. Qa4+ Bd7 12. Bxf7+ Kxf7 13. Qxd7 Rd8 14. Qa4
Qxb2 15. Rc1 b6 16. Ne2 Bg7 17. Rc2 Qb1+ 18. Rc1 Qb2 19. Ng3 e5 20. Bg5 exd4
21. O-O d3 22. Bxd8 Rxd8 23. Nxe4 d2 24. Rb1 b5 25. Qxa5 Qxb1 26. Qxd8 Qxe4 27.
Qxd2 Qc4 28. Qd7+ Kg8 29. Re1 Qxa2 30. Re8+ Bf8 31. h3 Qa1+ 32. Kh2 Qxc3 33.
Qxb5 Qd2 34. Qc4+ Kg7 35. Qc7+ Kg8 36. Qxa7 Qf4+ 37. g3 Qd2 38. Rb8 Qd6 39.
Qa2+ Kg7 40. Rb7+ Be7 41. Qb2+ Kf7 42. Qh8 h5 43. Rb8 Qc5 44. Qb2 h4 45. Qb3+
Kf6 46. Rb6+ Kg7 47. Kg2 hxg3 48. fxg3 Qg5 49. Qd3 Bf6 50. Qd7+ Be7 51. Re6 Kf7
52. h4 Qc5 53. Re2 Qb4 54. Qe6+ Ke8 55. Qxg6+ Kd8 56. Qe4 1-0

[Event "Tradewise Gibraltar Chess Festival 2013"]
[Site "Gibraltar ENG"]
[Date "2013.01.27"]
[Round "6.102"]
[White "Reid, Vaness"]
[Black "O`toole, George E"]
[Result "0-1"]
[WhiteElo "1844"]
[BlackElo "2204"]
[PlyCount "46"]
[EventDate "2013.01.22"]
[EventType "swiss"]
[EventRounds "10"]
[EventCountry "ENG"]
[Source "lmi"]
[SourceDate "2013.01.22"]

1. d4 Nf6 2. c4 c5 3. d5 b5 4. Bg5 g6 5. cxb5 a6 6. Bxf6 exf6 7. bxa6 Bg7 8. e4
O-O 9. a7 Rxa7 10. Nc3 Re8 11. Bd3 f5 12. Kf1 Bxc3 13. bxc3 fxe4 14. Be2 d6 15.
g3 Qf6 16. c4 Bd7 17. h4 h6 18. Kg2 Na6 19. Rb1 Nb4 20. a3 Rxa3 21. Qc1 e3 22.
Nf3 Ra2 23. Qd1 Bg4 0-1

[Event "Tradewise Gibraltar Chess Festival 2013"]
[Site "Gibraltar ENG"]
[Date "2013.01.27"]
[Round "6.103"]
[White "Sevillano Leal, Julio"]
[Black "Lyell, Mark"]
[Result "0-1"]
[WhiteElo "1807"]
[BlackElo "2235"]
[PlyCount "48"]
[EventDate "2013.01.22"]
[EventType "swiss"]
[EventRounds "10"]
[EventCountry "ENG"]
[Source "lmi"]
[SourceDate "2013.01.22"]

1. c4 e5 2. Nc3 Nc6 3. g3 f5 4. d3 Nf6 5. Bg2 Bb4 6. Bd2 O-O 7. Nd5 Bxd2+ 8.
Qxd2 d6 9. e3 Ne7 10. Nxf6+ Rxf6 11. Ne2 Qe8 12. Nc3 f4 13. Nd5 Nxd5 14. Bxd5+
Kh8 15. Qe2 c6 16. Be4 Be6 17. O-O Qf7 18. Bh1 f3 19. Qd2 Rh6 20. e4 Qh5 21. h4
Rf8 22. Rfe1 Rf4 23. Re3 Rxh4 24. Bxf3 Rh1+ 0-1

[Event "Tradewise Gibraltar Chess Festival 2013"]
[Site "Gibraltar ENG"]
[Date "2013.01.27"]
[Round "6.104"]
[White "Herbold, Manfred"]
[Black "Iglesias Fernandez, Luis"]
[Result "1-0"]
[WhiteElo "2164"]
[BlackElo "1862"]
[PlyCount "81"]
[EventDate "2013.01.22"]
[EventType "swiss"]
[EventRounds "10"]
[EventCountry "ENG"]
[Source "lmi"]
[SourceDate "2013.01.22"]

1. Nf3 d6 2. d4 g6 3. c4 Bg7 4. Nc3 Nf6 5. e4 O-O 6. Be2 e5 7. O-O Nc6 8. d5
Ne7 9. Ne1 Nd7 10. Be3 f5 11. f3 f4 12. Bf2 g5 13. b4 Nf6 14. c5 Ng6 15. Rc1
Rf7 16. Nd3 Bf8 17. cxd6 cxd6 18. b5 h5 19. b6 g4 20. bxa7 g3 21. hxg3 fxg3 22.
Bxg3 h4 23. Bf2 h3 24. g3 h2+ 25. Kh1 Nh5 26. f4 Nf6 27. f5 Ne7 28. g4 Bh6 29.
Rb1 Nexd5 30. exd5 e4 31. Ne1 e3 32. Bh4 Qe8 33. Qd4 Bg7 34. g5 Ne4 35. Qxe4
Qxe4+ 36. Nxe4 Rxf5 37. Nxd6 Rxf1+ 38. Bxf1 Bg4 39. Rxb7 Rf8 40. Rb8 e2 41. Bg2
1-0

[Event "Tradewise Gibraltar Chess Festival 2013"]
[Site "Gibraltar ENG"]
[Date "2013.01.27"]
[Round "6.105"]
[White "Skrabakova, Katarina"]
[Black "Guerrero Romero, Antonio"]
[Result "0-1"]
[WhiteElo "1991"]
[BlackElo "1862"]
[PlyCount "40"]
[EventDate "2013.01.22"]
[EventType "swiss"]
[EventRounds "10"]
[EventCountry "ENG"]
[Source "lmi"]
[SourceDate "2013.01.22"]

1. e4 c6 2. d4 d5 3. exd5 cxd5 4. c4 Nf6 5. Nc3 e6 6. Nf3 Be7 7. Bg5 O-O 8. Be2
dxc4 9. O-O a6 10. Bxc4 Nc6 11. Re1 b5 12. Bb3 Bb7 13. Qd2 Na5 14. Bd1 Nc4 15.
Qc2 Rc8 16. b3 Nd6 17. Bxf6 Bxf6 18. Qd3 Nf5 19. Bc2 Bxf3 20. Qxf3 Bxd4 0-1

[Event "Tradewise Gibraltar Chess Festival 2013"]
[Site "Gibraltar ENG"]
[Date "2013.01.27"]
[Round "6.106"]
[White "Rios Gonzalez, Jose Antonio"]
[Black "Chidi, Lovinia Sylvia"]
[Result "1/2-1/2"]
[WhiteElo "1990"]
[BlackElo "1820"]
[PlyCount "74"]
[EventDate "2013.01.22"]
[EventType "swiss"]
[EventRounds "10"]
[EventCountry "ENG"]
[Source "lmi"]
[SourceDate "2013.01.22"]

1. d4 d5 2. c4 c6 3. Nf3 Nf6 4. Nc3 e6 5. Bg5 Be7 6. e3 O-O 7. Qc2 dxc4 8. Bxc4
Nd5 9. Bxe7 Qxe7 10. a3 Nd7 11. O-O Nxc3 12. bxc3 Kh8 13. e4 e5 14. Nd2 Nb6 15.
Bd3 f6 16. f4 exd4 17. cxd4 Be6 18. f5 Bf7 19. Nf3 Rad8 20. g4 c5 21. d5 Qd6
22. Qg2 Rfe8 23. g5 c4 24. Bc2 Nxd5 25. exd5 Bxd5 26. g6 h6 27. Qg3 Qc5+ 28.
Qf2 Qa5 29. Nd4 Re5 30. Rfe1 Rde8 31. Kf1 Bg2+ 32. Kxg2 Rxe1 33. Rxe1 Rxe1 34.
Qg3 Qd2+ 35. Kh3 Re3 36. Nf3 Qd8 37. Qf4 Rxa3 1/2-1/2

[Event "Tradewise Gibraltar Chess Festival 2013"]
[Site "Gibraltar ENG"]
[Date "2013.01.27"]
[Round "6.107"]
[White "Candano Gonzalez, Alvaro"]
[Black "Sielicki, Tomasz"]
[Result "0-1"]
[WhiteElo "1717"]
[BlackElo "1969"]
[PlyCount "88"]
[EventDate "2013.01.22"]
[EventType "swiss"]
[EventRounds "10"]
[EventCountry "ENG"]
[Source "lmi"]
[SourceDate "2013.01.22"]

1. e4 e5 2. Nf3 Nc6 3. d4 exd4 4. Bc4 Bc5 5. c3 Nf6 6. cxd4 Bb4+ 7. Bd2 Nxe4 8.
Bxb4 Nxb4 9. Bxf7+ Kxf7 10. Qb3+ Kf8 11. Qxb4+ Qe7 12. Qxe7+ Kxe7 13. O-O Re8
14. Re1 Kf8 15. Nc3 Nxc3 16. Rxe8+ Kxe8 17. bxc3 d6 18. Re1+ Kf8 19. Ng5 h6 20.
Ne6+ Bxe6 21. Rxe6 Re8 22. Re3 b5 23. Kf1 c5 24. Ke2 cxd4 25. cxd4 Rxe3+ 26.
Kxe3 Kf7 27. d5 a5 28. a3 Kf6 29. Ke4 Kg5 30. h3 Kh4 31. Ke3 h5 32. Kd4 g5 33.
Ke4 g4 34. hxg4 hxg4 35. Ke3 Kg5 36. g3 Kf5 37. Kd4 Kf6 38. Ke4 Ke7 39. Kd4 Kd7
40. Kd3 Kc7 41. Kc3 Kb6 42. Kd4 a4 43. f4 gxf3 44. Kd3 b4 0-1

[Event "Tradewise Gibraltar Chess Festival 2013"]
[Site "Gibraltar ENG"]
[Date "2013.01.27"]
[Round "6.109"]
[White "Agbabishvili, Lali"]
[Black "Kuenitz, Klaus"]
[Result "1-0"]
[WhiteElo "1954"]
[BlackElo "1643"]
[PlyCount "73"]
[EventDate "2013.01.22"]
[EventType "swiss"]
[EventRounds "10"]
[EventCountry "ENG"]
[Source "lmi"]
[SourceDate "2013.01.22"]

1. d4 f5 2. g3 Nf6 3. Bg2 g6 4. h4 d6 5. d5 Bd7 6. Nh3 c6 7. c4 cxd5 8. cxd5
Na6 9. Nc3 Bg7 10. Nf4 Nc7 11. h5 gxh5 12. Nxh5 Nxh5 13. Rxh5 Nb5 14. Nxb5 Bxb5
15. Rxf5 Qa5+ 16. Bd2 Qa6 17. Bc3 Bxc3+ 18. bxc3 O-O-O 19. Bf3 Kb8 20. Kf1 Rc8
21. Qd2 Qa5 22. Rc1 Rc7 23. Kg2 Be8 24. Rf4 Rc5 25. Qe3 Qa3 26. Qxe7 Rc7 27.
Qe3 Qxa2 28. Rf6 Qa3 29. Qf4 Rd7 30. c4 Qc5 31. Rf8 Rxf8 32. Qxf8 Rd8 33. Bh5
Qd4 34. Qe7 Rc8 35. Bxe8 a5 36. Rb1 Qa7 37. Bc6 1-0

[Event "Tradewise Gibraltar Chess Festival 2013"]
[Site "Gibraltar ENG"]
[Date "2013.01.27"]
[Round "6.110"]
[White "Whatley, Stephen A J"]
[Black "Dennis, Nigel W"]
[Result "1-0"]
[WhiteElo "1717"]
[BlackElo "1904"]
[PlyCount "41"]
[EventDate "2013.01.22"]
[EventType "swiss"]
[EventRounds "10"]
[EventCountry "ENG"]
[Source "lmi"]
[SourceDate "2013.01.22"]

1. e4 e6 2. Nf3 d5 3. Nc3 dxe4 4. Nxe4 Nd7 5. d4 Ngf6 6. Bd3 b6 7. Qe2 Bb7 8.
Bf4 Nxe4 9. Bxe4 Bxe4 10. Qxe4 Bd6 11. Bg5 Be7 12. Bxe7 Kxe7 13. O-O Nf6 14.
Qe2 Re8 15. Ne5 Kf8 16. Rad1 Nd7 17. Qh5 g6 18. Qxh7 Nxe5 19. dxe5 Qg5 20. Rd7
Qf5 21. Qh8# 1-0

[Event "Tradewise Gibraltar Chess Festival 2013"]
[Site "Gibraltar ENG"]
[Date "2013.01.27"]
[Round "6.111"]
[White "Dimitrijevic, Dragan"]
[Black "Piovar, Jaroslav"]
[Result "1-0"]
[WhiteElo "1896"]
[BlackElo "1536"]
[PlyCount "65"]
[EventDate "2013.01.22"]
[EventType "swiss"]
[EventRounds "10"]
[EventCountry "ENG"]
[Source "lmi"]
[SourceDate "2013.01.22"]

1. d4 d5 2. c4 e6 3. Nc3 c5 4. e3 dxc4 5. Bxc4 cxd4 6. exd4 Nc6 7. Nf3 Nf6 8.
O-O Be7 9. Bf4 O-O 10. Re1 a6 11. a4 Na5 12. Ba2 Bb4 13. Qd3 Bd7 14. Ne5 Nh5
15. Bd2 Rc8 16. Bb1 g6 17. Bc2 Nc6 18. Ne4 Bxd2 19. Qxd2 Nxe5 20. dxe5 Bc6 21.
Nd6 Rc7 22. b4 Bd5 23. Be4 Nf6 24. exf6 Qxf6 25. Rac1 Rd7 26. Nc4 Qd8 27. Bxd5
Rxd5 28. Qe3 b5 29. axb5 axb5 30. Na5 Rd4 31. Nc6 Rd3 32. Nxd8 Rxe3 33. Rxe3
1-0

[Event "Tradewise Gibraltar Chess Festival 2013"]
[Site "Gibraltar ENG"]
[Date "2013.01.27"]
[Round "6.112"]
[White "Neumanova, Monika"]
[Black "Othman, Mustapha"]
[Result "0-1"]
[WhiteElo "1701"]
[BlackElo "1878"]
[PlyCount "50"]
[EventDate "2013.01.22"]
[EventType "swiss"]
[EventRounds "10"]
[EventCountry "ENG"]
[Source "lmi"]
[SourceDate "2013.01.22"]

1. d4 d5 2. c4 e6 3. Nc3 Nf6 4. Bg5 Be7 5. e3 O-O 6. Nf3 h6 7. Bh4 c5 8. dxc5
Bxc5 9. cxd5 exd5 10. Bxf6 Qxf6 11. Qxd5 Bb6 12. Be2 Nc6 13. O-O Re8 14. Rac1
Be6 15. Qb5 Rad8 16. Rfd1 g5 17. Nd5 Bxd5 18. Rxd5 Rxd5 19. Qxd5 Qxb2 20. Qc4
Nb4 21. Ne1 Rxe3 22. Kf1 Nd3 23. Bxd3 Rf3 24. Bh7+ Kg7 25. Nd3 Rxf2+ 0-1

[Event "Tradewise Gibraltar Chess Festival 2013"]
[Site "Gibraltar ENG"]
[Date "2013.01.27"]
[Round "6.117"]
[White "Berggren, Klas"]
[Black "Colompar, Ladislau-Alexandru"]
[Result "1/2-1/2"]
[WhiteElo "1523"]
[BlackElo "1790"]
[PlyCount "62"]
[EventDate "2013.01.22"]
[EventType "swiss"]
[EventRounds "10"]
[EventCountry "ENG"]
[Source "lmi"]
[SourceDate "2013.01.22"]

1. d4 d6 2. Bf4 Nf6 3. e3 g6 4. Nf3 Bg7 5. h3 Nbd7 6. Be2 O-O 7. Nbd2 b6 8. O-O
Bb7 9. c3 a6 10. Qc2 Qe8 11. e4 Nh5 12. Bh2 c5 13. d5 Bh6 14. Rfe1 b5 15. Bf1
f6 16. a4 Ne5 17. axb5 g5 18. bxa6 Bc8 19. Nxe5 fxe5 20. a7 g4 21. h4 Qg6 22.
Bg3 Bf4 23. Bxf4 exf4 24. g3 e5 25. Nc4 fxg3 26. fxg3 Nxg3 27. Bg2 Qf6 28. Nb6
Qxh4 29. Nxa8 Nh5 30. Nc7 g3 31. Bf1 Rf2 1/2-1/2

[Event "Tradewise Gibraltar Chess Festival 2013"]
[Site "Gibraltar ENG"]
[Date "2013.01.27"]
[Round "6.118"]
[White "Garcia Lechugo, Francisco"]
[Black "Tveten, Per"]
[Result "1-0"]
[WhiteElo "1645"]
[BlackElo "1597"]
[PlyCount "117"]
[EventDate "2013.01.22"]
[EventType "swiss"]
[EventRounds "10"]
[EventCountry "ENG"]
[Source "lmi"]
[SourceDate "2013.01.22"]

1. b3 e5 2. Bb2 Nc6 3. e3 d6 4. d3 Nge7 5. g3 g6 6. Bg2 Bg7 7. Ne2 O-O 8. O-O
Bd7 9. h3 Qc8 10. Kh2 Nd8 11. Nd2 f5 12. d4 c6 13. dxe5 Bxe5 14. Bxe5 dxe5 15.
Nc4 Nf7 16. Nd6 Qc7 17. Nxf7 Rxf7 18. Qd3 e4 19. Qc4 Qe5 20. Rfd1 Be6 21. Qd4
Qd5 22. c4 Qxd4 23. Rxd4 Rff8 24. Nf4 Kf7 25. Rad1 Rae8 26. Nxe6 Kxe6 27. Rd6+
Kf7 28. Rd7 Rb8 29. Bf1 Rfe8 30. c5 Kf8 31. Bc4 h5 32. R1d6 Nd5 33. Bxd5 cxd5
34. Rxd5 Re7 35. Kg2 Ke8 36. Rxe7+ Kxe7 37. Rd6 Kf7 38. Kf1 Kg7 39. Ke2 g5 40.
Kd2 a6 41. b4 Kf7 42. Kc3 Ke7 43. Rg6 g4 44. h4 Kf7 45. Rd6 Ke7 46. Rb6 Kd7 47.
Rh6 Rc8 48. Rd6+ Ke7 49. Kc4 Rc6 50. Kd5 Rxd6+ 51. cxd6+ Kd7 52. a4 b6 53. a5
bxa5 54. bxa5 Kc8 55. Kc6 f4 56. gxf4 g3 57. fxg3 Kb8 58. f5 Ka7 59. d7 1-0

[Event "Tradewise Gibraltar Chess Festival 2013"]
[Site "Gibraltar ENG"]
[Date "2013.01.28"]
[Round "7.2"]
[White "Ivanchuk, Vassily"]
[Black "Le, Quang Liem"]
[Result "1/2-1/2"]
[WhiteElo "2758"]
[BlackElo "2705"]
[PlyCount "27"]
[EventDate "2013.01.22"]
[EventType "swiss"]
[EventRounds "10"]
[EventCountry "ENG"]
[Source "lmi"]
[SourceDate "2013.01.22"]

1. d4 d5 2. c4 c6 3. cxd5 cxd5 4. Nc3 Nf6 5. Bf4 Nc6 6. e3 a6 7. Rc1 Bf5 8. Nf3
e6 9. Qb3 Ra7 10. Ne5 Nxe5 11. Bxe5 Nd7 12. Bg3 Be7 13. Qd1 O-O 14. Bd3 1/2-1/2

[Event "Tradewise Gibraltar Chess Festival 2013"]
[Site "Gibraltar ENG"]
[Date "2013.01.28"]
[Round "7.4"]
[White "Adams, Michael"]
[Black "Tkachiev, Vladislav"]
[Result "1/2-1/2"]
[WhiteElo "2725"]
[BlackElo "2650"]
[PlyCount "77"]
[EventDate "2013.01.22"]
[EventType "swiss"]
[EventRounds "10"]
[EventCountry "ENG"]
[Source "lmi"]
[SourceDate "2013.01.22"]

1. e4 d6 2. d4 g6 3. Nc3 Bg7 4. Be3 c6 5. Qd2 Nd7 6. Nf3 e5 7. d5 c5 8. Be2
Ngf6 9. Bh6 O-O 10. h4 Nh5 11. g3 Ndf6 12. Bxg7 Kxg7 13. a4 a6 14. a5 Bd7 15.
Nh2 b5 16. axb6 Qxb6 17. O-O Rfb8 18. b3 c4 19. Kg2 cxb3 20. cxb3 Rc8 21. Bc4
a5 22. Rfc1 Qb4 23. Nf1 Rab8 24. f3 Qb6 25. Ne2 Rc5 26. Ne3 Qd8 27. Rc3 Ne8 28.
Bd3 Rxc3 29. Qxc3 Qb6 30. Bc4 Ra8 31. Qd2 Nhf6 32. Nc3 Qd4 33. Ra2 Nc7 34. Na4
Qa7 35. Nb2 Qb6 36. Na4 Qa7 37. Ra3 h6 38. Bf1 Bb5 39. Bc4 1/2-1/2

[Event "Tradewise Gibraltar Chess Festival 2013"]
[Site "Gibraltar ENG"]
[Date "2013.01.28"]
[Round "7.5"]
[White "Salgado Lopez, Ivan"]
[Black "Navara, David"]
[Result "1/2-1/2"]
[WhiteElo "2606"]
[BlackElo "2710"]
[PlyCount "167"]
[EventDate "2013.01.22"]
[EventType "swiss"]
[EventRounds "10"]
[EventCountry "ENG"]
[Source "lmi"]
[SourceDate "2013.01.22"]

1. e4 c5 2. c3 d5 3. exd5 Qxd5 4. d4 Nf6 5. Nf3 e6 6. Na3 Qd8 7. Nc2 Nc6 8. Be2
cxd4 9. Ncxd4 Nxd4 10. Qxd4 Qxd4 11. Nxd4 Bd7 12. O-O O-O-O 13. Bf4 Bc5 14. Be5
Bb6 15. Rfe1 Ne8 16. Bc4 f6 17. Bg3 e5 18. Ne6 Nd6 19. Nxd8 Nxc4 20. Nf7 Rf8
21. b3 Rxf7 22. bxc4 Bf5 23. a4 Bd3 24. a5 Bc5 25. h4 Bxc4 26. Kh2 Re7 27. f3
h6 28. Rad1 g5 29. Rd2 Kc7 30. Bf2 Bxf2 31. Rxf2 Rd7 32. Rb2 Rd3 33. hxg5 hxg5
34. Kg3 Rxc3 35. Rh1 Bd5 36. Rh6 f5 37. Rf6 f4+ 38. Kg4 e4 39. fxe4 Bxe4 40.
Kxg5 Rg3+ 41. Kxf4 Rxg2 42. Rxg2 Bxg2 43. Ke5 a6 44. Rf8 b6 45. Rf2 Bh1 46. Rh2
Bf3 47. Kf4 Bc6 48. Rh7+ Kb8 49. axb6 Ba4 50. Ke5 Bc6 51. Kd6 Ba4 52. Kc5 Bb5
53. Rh8+ Kb7 54. Rh7+ Kb8 55. Ra7 Bf1 56. Rg7 Bb5 57. Rg4 Kb7 58. Rg8 Ba4 59.
Rf8 Bb5 60. Rf7+ Kb8 61. Kd6 Ba4 62. Re7 Bb5 63. Kc5 Ba4 64. Kb4 Bc6 65. Ka5
Bb5 66. Ra7 Bc4 67. Rg7 Bb5 68. Rh7 Bd3 69. Rg7 Bb5 70. Re7 Ka8 71. b7+ Ka7 72.
Rg7 Bf1 73. Re7 Bb5 74. Rc7 Bf1 75. b8=Q+ Kxb8 76. Kb6 Bb5 77. Rc2 Ba4 78. Rc1
Bb5 79. Rc5 Be2 80. Rc3 Bb5 81. Rc2 Ba4 82. Rd2 Kc8 83. Kxa6 Kc7 84. Ka5
1/2-1/2

[Event "Tradewise Gibraltar Chess Festival 2013"]
[Site "Gibraltar ENG"]
[Date "2013.01.28"]
[Round "7.7"]
[White "Short, Nigel D"]
[Black "Larino Nieto, David"]
[Result "1-0"]
[WhiteElo "2690"]
[BlackElo "2497"]
[PlyCount "71"]
[EventDate "2013.01.22"]
[EventType "swiss"]
[EventRounds "10"]
[EventCountry "ENG"]
[Source "lmi"]
[SourceDate "2013.01.22"]

1. e4 e5 2. Nf3 Nc6 3. Bb5 Nd4 4. Nxd4 exd4 5. O-O c6 6. Ba4 Nf6 7. Re1 d6 8.
d3 Bg4 9. f3 Be6 10. c4 g6 11. f4 Bg4 12. Qd2 Bc8 13. b4 Bg7 14. h3 Nd7 15. Bd1
Qb6 16. Na3 O-O 17. Rb1 f5 18. exf5 gxf5 19. c5 dxc5 20. bxc5 Qd8 21. Qb4 b6
22. cxb6 axb6 23. Bf3 Bb7 24. Nc4 Kh8 25. Nd6 Ba6 26. Bxc6 Rb8 27. Re8 Qc7 28.
Rxb8 Nxb8 29. Bb5 Bxb5 30. Nxb5 Qf7 31. Qb3 Qg6 32. Ba3 Rg8 33. Qd5 Bf6 34. Bd6
Qg3 35. Bxb8 Qxd3 36. Rb3 1-0

[Event "Tradewise Gibraltar Chess Festival 2013"]
[Site "Gibraltar ENG"]
[Date "2013.01.28"]
[Round "7.10"]
[White "Fridman, Daniel"]
[Black "Ju, Wenjun"]
[Result "1-0"]
[WhiteElo "2667"]
[BlackElo "2505"]
[PlyCount "85"]
[EventDate "2013.01.22"]
[EventType "swiss"]
[EventRounds "10"]
[EventCountry "ENG"]
[Source "lmi"]
[SourceDate "2013.01.22"]

1. d4 Nf6 2. c4 g6 3. Nc3 Bg7 4. e4 d6 5. Be2 O-O 6. Bg5 c5 7. d5 h6 8. Be3 e6
9. Qd2 exd5 10. exd5 Kh7 11. h3 Re8 12. Nf3 Bf5 13. O-O Nbd7 14. Rae1 Ne4 15.
Nxe4 Bxe4 16. b3 b5 17. cxb5 Nb6 18. Bc4 Bxf3 19. gxf3 Qh4 20. Bf4 Bc3 21. Qxc3
Qxf4 22. Re4 Qg5+ 23. Rg4 Qf5 24. Bd3 Qh5 25. Qf6 Rf8 26. Qxd6 Nxd5 27. Qxc5
Rad8 28. Qxa7 Rd6 29. b6 Qxh3 30. b7 Nc3 31. Qe3 Rf6 32. Rg3 Qd7 33. Bc4 Nxa2
34. Qa7 Qc7 35. Qxa2 Qxb7 36. Qe2 Rd8 37. Qe3 Kg7 38. Kg2 Qc7 39. Rh1 Rh8 40.
Re1 Rf8 41. Qe5 Qc6 42. Qd4 Qc7 43. Qe5 1-0